SENI MEMIMPIN / (Record no. 203821)

MARC details
000 -LEADER
fixed length control field 00878nam a2200253 i 4500
005 - DATE AND TIME OF LATEST TRANSACTION
control field 20260413124231.0
008 - FIXED-LENGTH DATA ELEMENTS--GENERAL INFORMATION
fixed length control field 260413s2025 my gr 000 0 may d
020 ## - INTERNATIONAL STANDARD BOOK NUMBER
International Standard Book Number 9789672107927
Qualifying information paperback
Terms of availability RM29.00
040 ## - CATALOGING SOURCE
Original cataloging agency PPAK
Language of cataloging eng
Transcribing agency PPAK
Description conventions rda
082 04 - DEWEY DECIMAL CLASSIFICATION NUMBER
Classification number 658.4092
Edition number 23
090 00 - LOCALLY ASSIGNED LC-TYPE CALL NUMBER (OCLC); LOCAL CALL NUMBER (RLIN)
Classification number (OCLC) (R) ; Classification number, CALL (RLIN) (NR) 658.4092
Feature heading MOH
Feature heading G
100 0# - MAIN ENTRY--PERSONAL NAME
Personal name Mohammad Qayyum A. Badaruddin,
Titles and words associated with a name Mejar (B),
Relator term author.
245 10 - TITLE STATEMENT
Title SENI MEMIMPIN /
Statement of responsibility, etc. Mejar (B) Mohammad Qayyum A. Badaruddin
264 #1 - PRODUCTION, PUBLICATION, DISTRIBUTION, MANUFACTURE, AND COPYRIGHT NOTICE
Place of production, publication, distribution, manufacture Kajang, Selangor :
Name of producer, publisher, distributor, manufacturer CASAMAS RESOURCES SDN BHD,
Date of production, publication, distribution, manufacture, or copyright notice [2025?]
300 ## - PHYSICAL DESCRIPTION
Extent 162 pages ;
Dimensions 18 cm
336 ## - CONTENT TYPE
Content type term text
Source rdacontent
Content type term still image
Source rdacontent
337 ## - MEDIA TYPE
Media type term unmediated
Source rdamedia
338 ## - CARRIER TYPE
Carrier type term volume
Source rdacarrier
500 ## - GENERAL NOTE
General note Contains verses from the Qur'an and quotes from the Hadith.
504 ## - BIBLIOGRAPHY, ETC. NOTE
Bibliography, etc. note Bibliography: pages [161]-162.
650 10 - SUBJECT ADDED ENTRY--TOPICAL TERM
Topical term or geographic name entry element Leadership
942 ## - ADDED ENTRY ELEMENTS (KOHA)
Source of classification or shelving scheme Dewey Decimal Classification
Koha item type Book
Holdings
Withdrawn Not for loan Current library Shelving location Date acquired Total Checkouts Full call number Barcode Date last seen Koha item type
    Perpustakaan Alor Setar Pinjaman Dewasa 14/04/2026   658.4092 MOH A01908794 14/04/2026 Book
    Perpustakaan Awam Sungai Petani Pinjaman Dewasa 14/04/2026   658.4092 MOH A01908795 14/04/2026 Book
    Perpustakaan Baling Pinjaman Dewasa 14/04/2026   658.4092 MOH A01908799 14/04/2026 Book
    Perpustakaan Bandar Baharu Pinjaman Dewasa 14/04/2026   658.4092 MOH A01908800 14/04/2026 Book
    Perpustakaan Jitra Pinjaman Dewasa 14/04/2026   658.4092 MOH A01908796 14/04/2026 Book
    Perpustakaan Kuala Nerang Pinjaman Dewasa 14/04/2026   658.4092 MOH A01908804 14/04/2026 Book
    Perpustakaan Kulim Pinjaman Dewasa 14/04/2026   658.4092 MOH A01908798 14/04/2026 Book
    Perpustakaan Langkawi Pinjaman Dewasa 14/04/2026   658.4092 MOH A01908797 14/04/2026 Book
    Perpustakaan Merbok Pinjaman Dewasa 14/04/2026   658.4092 MOH A01908801 14/04/2026 Book
    Perpustakaan Pendang Pinjaman Dewasa 14/04/2026   658.4092 MOH A01908805 14/04/2026 Book
    Perpustakaan Sik Pinjaman Dewasa 14/04/2026   658.4092 MOH A01908803 14/04/2026 Book
    Perpustakaan Yan Pinjaman Dewasa 14/04/2026   658.4092 MOH A01908802 14/04/2026 Book